№ 4 (160); Водоочистка. Водоподготовка. Водоснабжение

التفاصيل البيبلوغرافية
Parent link:Водоочистка. Водоподготовка. Водоснабжение: производственно-технический журнал. № 4 (160).— , 2013-2017, 2020-.— 2072-2710
الملخص:Режим доступа: по договору с организацией-держателем ресурса
اللغة:الروسية
منشور في: 2021
الوصول للمادة أونلاين:https://www.elibrary.ru/contents.asp?id=45596721
التنسيق: الكتروني كتاب
KOHA link:https://koha.lib.tpu.ru/cgi-bin/koha/opac-detail.pl?biblionumber=586283

MARC

LEADER 00000nam2a2200000 4500
001 586283
005 20231101131354.0
035 |a (RuTPU)RU\TPU\prd\288805 
035 |a RU\TPU\prd\288707 
090 |a 586283 
100 |a 20210426a20089999k y0rusy50 ca 
101 0 |a rus 
102 |a RU 
181 0 |a i  
182 0 |a b 
200 0 |a № 4 (160)  |b Электронный ресурс 
203 |a Текст  |c электронный 
210 |d 2021 
333 |a Режим доступа: по договору с организацией-держателем ресурса 
461 1 |0 (RuTPU)RU\TPU\prd\278006  |x 2072-2710  |t Водоочистка. Водоподготовка. Водоснабжение  |o производственно-технический журнал  |v № 4 (160)  |d 2013-2017, 2020- 
801 0 |a RU  |b 63413507  |c 20010227  |g PSBO 
801 1 |a RU  |b 63413507  |c 20160324 
801 2 |a RU  |b 63413507  |c 20210426  |g RCR 
856 4 0 |u https://www.elibrary.ru/contents.asp?id=45596721 
942 |c BK